|
|
|
|
| LEADER |
00000nam0a2200000 4500 |
| 001 |
8590 |
| 005 |
20231101204616.0 |
| 010 |
|
|
|a 5851780258
|
| 035 |
|
|
|a (RuTPU)RU\TPU\book\8639
|
| 035 |
|
|
|a BOOK00008698
|
| 090 |
|
|
|a 8590
|
| 100 |
|
|
|a 20011209d1996 m y0rusy50 ca
|
| 101 |
1 |
|
|a rus
|c ger
|
| 102 |
|
|
|a RU
|
| 105 |
|
|
|a y z 000zy
|
| 200 |
1 |
|
|a Депрессия? Больше никогда!
|e пер. с нем.
|f Р. Меркле
|
| 210 |
|
|
|a Москва
|c Авиценна
|d 1996
|
| 215 |
|
|
|a 118 с.
|
| 225 |
1 |
|
|a Семейный доктор
|
| 606 |
1 |
|
|a Депрессия
|x Психология
|2 stltpush
|3 (RuTPU)RU\TPU\subj\27863
|9 51542
|
| 610 |
1 |
|
|a психология
|
| 610 |
1 |
|
|a личность
|
| 610 |
1 |
|
|a эмоциональные процессы
|
| 610 |
1 |
|
|a депрессия
|
| 686 |
|
|
|a Ю935.2
|v LBC/SL-A
|2 rubbk
|
| 700 |
|
1 |
|a Меркле
|b Р.
|g Рольф
|
| 801 |
|
0 |
|a RU
|b 63413507
|c 20011209
|g PSBO
|
| 801 |
|
2 |
|a RU
|b 63413507
|c 20120220
|g PSBO
|
| 942 |
|
|
|c BK
|